<?xml version="1.0" encoding="UTF-8"?>
<record
    xmlns:xsi="http://www.w3.org/2001/XMLSchema-instance"
    xsi:schemaLocation="http://www.loc.gov/MARC21/slim http://www.loc.gov/standards/marcxml/schema/MARC21slim.xsd"
    xmlns="http://www.loc.gov/MARC21/slim">

  <leader>00944nam a2200229 i 4500</leader>
  <controlfield tag="001">190682</controlfield>
  <controlfield tag="003">ES-MaACL</controlfield>
  <controlfield tag="005">20250814085838.0</controlfield>
  <controlfield tag="008">220509s1965    sp a          100 0 spa d</controlfield>
  <datafield tag="080" ind1=" " ind2=" ">
    <subfield code="a">791(460)</subfield>
  </datafield>
  <datafield tag="245" ind1="0" ind2="0">
    <subfield code="a">I Semana de Cine Griego : </subfield>
    <subfield code="b">mes de mayo de 1965 : programa / </subfield>
    <subfield code="c">Ateneo de Madrid, Cine Club ; organizada con la colaboraci&#xF3;n de la Embajada Real de Grecia en Espa&#xF1;a ; [introducci&#xF3;n a la Semana, Luis Quesada, director del Cine-Club].</subfield>
  </datafield>
  <datafield tag="246" ind1="3" ind2=" ">
    <subfield code="a">Primera Semana de Cine Griego</subfield>
  </datafield>
  <datafield tag="260" ind1=" " ind2=" ">
    <subfield code="a">[Madrid : </subfield>
    <subfield code="b">Ateneo de Madrid, </subfield>
    <subfield code="c">1965]</subfield>
  </datafield>
  <datafield tag="300" ind1=" " ind2=" ">
    <subfield code="a">16 p. : </subfield>
    <subfield code="b">il. ; </subfield>
    <subfield code="c">25 cm + </subfield>
    <subfield code="e">[4] p.</subfield>
  </datafield>
  <datafield tag="594" ind1=" " ind2=" ">
    <subfield code="a">En contracub.: Sal&#xF3;n de Actos del Ateneo de Madrid. Sesiones: 10,30 noche</subfield>
  </datafield>
  <datafield tag="650" ind1=" " ind2="7">
    <subfield code="a">Cine- </subfield>
    <subfield code="z">Grecia</subfield>
    <subfield code="2"></subfield>
    <subfield code="9">174425</subfield>
  </datafield>
  <datafield tag="650" ind1=" " ind2="4">
    <subfield code="a">Cine-</subfield>
    <subfield code="z">Espa&#xF1;a-</subfield>
    <subfield code="y">1939-1975.</subfield>
    <subfield code="9">11026</subfield>
  </datafield>
  <datafield tag="700" ind1="1" ind2=" ">
    <subfield code="a">Quesada, Luis</subfield>
    <subfield code="9">174426</subfield>
  </datafield>
  <datafield tag="710" ind1="2" ind2=" ">
    <subfield code="a">Ateneo de Madrid.</subfield>
    <subfield code="9">1875</subfield>
  </datafield>
  <datafield tag="852" ind1="4" ind2=" ">
    <subfield code="a">ES-MaACL</subfield>
    <subfield code="j">2342-F-34</subfield>
  </datafield>
  <datafield tag="999" ind1=" " ind2=" ">
    <subfield code="c">190682</subfield>
    <subfield code="d">190682</subfield>
  </datafield>
  <datafield tag="952" ind1=" " ind2=" ">
    <subfield code="0">0</subfield>
    <subfield code="1">0</subfield>
    <subfield code="4">0</subfield>
    <subfield code="7">0</subfield>
    <subfield code="8">Colecci&#xF3;n_de_folletos</subfield>
    <subfield code="a">ATENEOM</subfield>
    <subfield code="b">ATENEOM</subfield>
    <subfield code="c">DEPOF</subfield>
    <subfield code="d">2022-05-09</subfield>
    <subfield code="e">DON</subfield>
    <subfield code="l">0</subfield>
    <subfield code="o">2342-F-34</subfield>
    <subfield code="p">1202915</subfield>
    <subfield code="r">2023-02-23 00:00:00</subfield>
    <subfield code="w">2023-02-23</subfield>
    <subfield code="y">FOLLETOS</subfield>
  </datafield>
</record>
